| 000 | 00989cab a2200313 4500 | ||
|---|---|---|---|
| 001 | ABS48374 | ||
| 008 | 090401t1993 xxu||||| |||| 00| 0 eng d | ||
| 035 | _a(Sirsi) u66403 | ||
| 041 | _aeng | ||
| 100 | _aRushton, T. | ||
| 245 | _aExtracting chloride ions from concrete | ||
| 260 | _c1993 | ||
| 350 | _a0 | ||
| 490 |
_aCS Monthly _bthe Building Surveyor _v2(7) April 1993, 6-7(2) |
||
| 520 | _aReports on the results of research carried out on the electro-chemical desalination of concrete presented at the BS National Briefing in March 1993. Further reading. | ||
| 650 | _aBRE DIGEST 264 | ||
| 650 | _aCARBONATED CONCRETE | ||
| 650 | _aCHLORIDE CONTAMINATION | ||
| 650 | _aCONCRETE CORROSION | ||
| 650 | _aCONCRETE | ||
| 650 | _aDESALINATION | ||
| 650 | _aELECTRO-CHEMICAL DESALINATION | ||
| 650 | _aMENTOR | ||
| 650 | _aREINFORCED CONCRETE | ||
| 650 | _aREPAIR METHODS | ||
| 690 | _aBUILT ENVIRONMENT-CONSTRUCTION DESIGN | ||
| 942 | _n0 | ||
| 948 | _c04/03/1997 | ||
| 999 |
_c41494 _d41494 |
||